[Event "2nd Cairns Cup 2020"]
[Site "Saint Louis USA"]
[Date "2020.02.07"]
[Round "1.1"]
[White "Muzychuk, Mariya"]
[Black "Ju, Wenjun"]
[Result "1/2-1/2"]
[WhiteTitle "GM"]
[BlackTitle "GM"]
[WhiteElo "2552"]
[BlackElo "2583"]
[WhiteFideId "14114550"]
[BlackFideId "8603006"]
[EventDate "2020.02.07"]

1. e4 e5 2. Nf3 Nf6 3. Nxe5 d6 4. Nf3 Nxe4 5. Nc3 Nxc3 6. dxc3 Be7 7. Be3 Nc6 8.
Qd2 Be6 9. O-O-O Qd7 10. h3 h6 11. Kb1 O-O-O 12. Nd4 Nxd4 13. Bxd4 Rhg8 14. Qe3
a6 15. c4 Kb8 16. Qc3 g6 17. Be2 Qc6 18. h4 h5 19. b3 Bg4 20. Bxg4 hxg4 21. g3
Rde8 22. h5 gxh5 23. Rxh5 Qe4 24. Be3 Rg6 25. Re1 Bf6 26. Qd3 Kc8 27. Kc1 Kd7
28. Kd2 Qxd3+ 29. cxd3 c5 30. Reh1 Be5 31. Rh7 Re7 32. a4 Rge6 33. R7h6 Rxh6 34.
Rxh6 f5 35. Rh5 Rf7 36. Rg5 Ke7 37. Ke2 Rf8 38. Rh5 Ke6 39. Rh6+ Ke7 40. Rh5 1/2-1/2

[Event "2nd Cairns Cup 2020"]
[Site "Saint Louis USA"]
[Date "2020.02.07"]
[Round "1.2"]
[White "Koneru, Humpy"]
[Black "Yip, Carissa"]
[Result "1-0"]
[WhiteTitle "GM"]
[BlackTitle "FM"]
[WhiteElo "2580"]
[BlackElo "2412"]
[WhiteFideId "5008123"]
[BlackFideId "2090732"]
[EventDate "2020.02.07"]

1. d4 Nf6 2. c4 g6 3. Nc3 Bg7 4. e4 d6 5. Be2 O-O 6. Be3 e5 7. d5 Na6 8. h4 Nc5
9. Qc2 c6 10. h5 cxd5 11. cxd5 Qa5 12. Bd2 Bd7 13. h6 Bh8 14. Nh3 Qc7 15. Ng5
Rac8 16. Qd1 a5 17. O-O Qd8 18. Rb1 Ne8 19. b3 f6 20. Ne6 Nxe6 21. dxe6 Bxe6 22.
Bc4 Nc7 23. Nb5 Qd7 24. Nxc7 Bxc4 25. bxc4 Qxc7 26. Qb3 Qxc4 27. Bxa5 Qxb3 28.
Rxb3 Rf7 29. Rfb1 Rb8 30. Bd2 f5 31. a4 fxe4 32. a5 Rbf8 33. Rxb7 Rxf2 34. Bb4
e3 35. Bxd6 Re8 36. Rb8 Rxb8 37. Rxb8+ Kf7 38. Rxh8 Rb2 39. Kf1 Ke6 40. Bc5 1-0

[Event "2nd Cairns Cup 2020"]
[Site "Saint Louis USA"]
[Date "2020.02.07"]
[Round "1.3"]
[White "Lagno, Kateryna"]
[Black "Harika, Dronavalli"]
[Result "1/2-1/2"]
[WhiteTitle "GM"]
[BlackTitle "GM"]
[WhiteElo "2552"]
[BlackElo "2518"]
[WhiteFideId "14109336"]
[BlackFideId "5015197"]
[EventDate "2020.02.07"]

1. e4 c5 2. Nf3 d6 3. d4 cxd4 4. Nxd4 Nf6 5. Nc3 a6 6. Be3 Ng4 7. Bc1 Nf6 8. a4
g6 9. Be2 Bg7 10. O-O O-O 11. Be3 Nc6 12. Qd2 Bd7 13. f4 Rc8 14. Kh1 Re8 15.
Rad1 Qa5 16. Nb3 Qb4 17. e5 Ne4 18. Nxe4 Qxe4 19. a5 Qb4 20. Bf3 Be6 21. exd6
exd6 22. Bb6 Qxd2 23. Nxd2 d5 24. c3 Nb8 25. Nb3 Nd7 26. Bf2 Nf6 27. Nc5 Bg4 28.
Rfe1 Bxf3 29. gxf3 Rxe1+ 30. Rxe1 Bf8 31. b4 Bxc5 32. Bxc5 Re8 33. Rd1 Nh5 34.
f5 f6 35. fxg6 hxg6 36. Bd6 Re3 37. Rxd5 1/2-1/2

[Event "2nd Cairns Cup 2020"]
[Site "Saint Louis USA"]
[Date "2020.02.07"]
[Round "1.4"]
[White "Dzagnidze, Nana"]
[Black "Gunina, Valentina"]
[Result "1-0"]
[WhiteTitle "GM"]
[BlackTitle "GM"]
[WhiteElo "2515"]
[BlackElo "2461"]
[WhiteFideId "13601903"]
[BlackFideId "4167570"]
[EventDate "2020.02.07"]

1. d4 Nf6 2. Bg5 d5 3. e3 c5 4. c3 Nc6 5. Nd2 Bg4 6. Qa4 cxd4 7. exd4 a6 8. Ngf3
b5 9. Qc2 Qd6 10. Bd3 Rc8 11. O-O e6 12. Qb1 Nd7 13. a4 Qb8 14. axb5 axb5 15.
Bxh7 Be7 16. Bxe7 Kxe7 17. Bd3 g5 18. g3 Rcg8 19. Ra6 Bxf3 20. Nxf3 g4 21. Nd2
Qf8 22. Rd1 Ncb8 23. Ra8 Qh6 24. Nf1 b4 25. Bb5 Rc8 26. Qd3 e5 27. Bxd7 Nxd7 28.
Rxc8 Rxc8 29. dxe5 Nxe5 30. Qxd5 Nf3+ 31. Kg2 Qe6 32. Qb7+ Kf6 33. Qxb4 Kg7 34.
Ne3 Ne5 35. Rd6 Qe8 36. Nf5+ Kg8 37. Qf4 Ng6 38. Qxg4 Qe5 39. Ne7+ Qxe7 40.
Qxc8+ Kg7 41. Qc6 Qe2 42. Rxg6+ 1-0

[Event "2nd Cairns Cup 2020"]
[Site "Saint Louis USA"]
[Date "2020.02.08"]
[Round "2.2"]
[White "Harika, Dronavalli"]
[Black "Dzagnidze, Nana"]
[Result "1/2-1/2"]
[WhiteTitle "GM"]
[BlackTitle "GM"]
[WhiteElo "2518"]
[BlackElo "2515"]
[WhiteFideId "5015197"]
[BlackFideId "13601903"]
[EventDate "2020.02.07"]

1. d4 Nf6 2. c4 e6 3. Nf3 d5 4. g3 dxc4 5. Bg2 a6 6. O-O Nc6 7. Nbd2 Nxd4 8.
Nxc4 Nxf3+ 9. Bxf3 Qxd1 10. Rxd1 Nd5 11. e4 Nb6 12. Nxb6 cxb6 13. e5 Bc5 14. Be3
Bxe3 15. fxe3 Bd7 16. Rd6 Bc6 17. Bxc6+ bxc6 18. Rc1 O-O 19. Rcxc6 b5 20. Rxa6
g5 21. Rxa8 Rxa8 22. Rb6 Rxa2 23. Rxb5 g4 24. Rb4 h5 25. h3 gxh3 26. Kh2 Ra5 27.
Re4 Ra2 28. Rb4 Ra5 29. Re4 Ra2 30. Rb4 Ra5 31. Re4 1/2-1/2

[Event "2nd Cairns Cup 2020"]
[Site "Saint Louis USA"]
[Date "2020.02.08"]
[Round "2.5"]
[White "Yip, Carissa"]
[Black "Lagno, Kateryna"]
[Result "0-1"]
[WhiteTitle "FM"]
[BlackTitle "GM"]
[WhiteElo "2412"]
[BlackElo "2552"]
[WhiteFideId "2090732"]
[BlackFideId "14109336"]
[EventDate "2020.02.07"]

1. e4 e5 2. Nf3 Nc6 3. d4 exd4 4. Nxd4 Nf6 5. Nxc6 bxc6 6. Bd3 d5 7. exd5 cxd5
8. O-O Be7 9. c4 O-O 10. cxd5 Bb7 11. Nc3 Nxd5 12. Bd2 Qd7 13. Qe2 Rfe8 14. Rfd1
Bd6 15. Qh5 Nf6 16. Qb5 Bc6 17. Qf5 Qxf5 18. Bxf5 Rab8 19. b3 Rbd8 20. Be1 g6
21. Bc2 a5 22. Rd3 Nh5 23. g3 Nf6 24. Rad1 Ng4 25. Nd5 Re2 26. Bb1 Rde8 27. Bxa5
Bc5 28. h3 Bxf2+ 29. Kf1 Nh2+ 30. Kg2 Be3+ 31. Kh1 Nf3 0-1

[Event "2nd Cairns Cup 2020"]
[Site "Saint Louis USA"]
[Date "2020.02.09"]
[Round "3.1"]
[White "Lagno, Kateryna"]
[Black "Muzychuk, Mariya"]
[Result "1/2-1/2"]
[WhiteTitle "GM"]
[BlackTitle "GM"]
[WhiteElo "2552"]
[BlackElo "2552"]
[WhiteFideId "14109336"]
[BlackFideId "14114550"]
[EventDate "2020.02.07"]

1. e4 e5 2. Nf3 Nf6 3. Nxe5 d6 4. Nf3 Nxe4 5. d4 d5 6. Bd3 Bd6 7. O-O O-O 8. c4
c6 9. Re1 Bf5 10. Qb3 Nd7 11. cxd5 Ndc5 12. dxc5 Nxc5 13. Bxf5 Nxb3 14. axb3
cxd5 15. Nc3 Qb6 16. Be3 Qxb3 17. Nd4 Qc4 18. Ra4 Qc7 19. g3 Qd8 20. Rd1 Re8 21.
Nf3 Qf6 22. Rxd5 Be5 23. Nxe5 Qxf5 24. Rf4 Qc2 25. Nxf7 Qxb2 26. Nh6+ gxh6 27.
Rg4+ Kf7 28. Rf4+ Kg8 29. Rg4+ Kf7 30. Rf4+ Kg8 1/2-1/2

[Event "2nd Cairns Cup 2020"]
[Site "Saint Louis USA"]
[Date "2020.02.09"]
[Round "3.3"]
[White "Dzagnidze, Nana"]
[Black "Yip, Carissa"]
[Result "1-0"]
[WhiteTitle "GM"]
[BlackTitle "FM"]
[WhiteElo "2515"]
[BlackElo "2412"]
[WhiteFideId "13601903"]
[BlackFideId "2090732"]
[EventDate "2020.02.07"]

1. e4 g6 2. d4 Bg7 3. Nf3 d6 4. Bc4 e6 5. O-O Ne7 6. Bb3 O-O 7. c3 Nd7 8. Bf4 h6
9. h4 Nf6 10. Nbd2 Nc6 11. e5 dxe5 12. dxe5 Nd7 13. Qe2 b6 14. Rad1 Qe7 15. Bc2
a5 16. Rfe1 Ba6 17. Qe3 h5 18. Bg5 Qc5 19. Qf4 Ncxe5 20. Ne4 Qc6 21. Nxe5 Bxe5
22. Qd2 Bc8 23. Ng3 Rb8 24. Bh6 Bf6 25. Bxf8 Nxf8 26. Ne4 Bxh4 27. Qf4 Be7 28.
Nf6+ Bxf6 29. Qxf6 Ba6 30. Re3 Bc4 31. Be4 Qe8 32. b3 Ba6 33. Rh3 Nh7 34. Qh4
Be2 35. Rd2 Bg4 36. Rhd3 Kg7 37. Rd8 Rxd8 38. Qxd8 Qxd8 39. Rxd8 e5 40. Re8 Be6
41. Re7 c5 42. c4 Ng5 43. Bd5 Bf5 44. Rb7 Bb1 45. a3 1-0

[Event "2nd Cairns Cup 2020"]
[Site "Saint Louis USA"]
[Date "2020.02.09"]
[Round "3.4"]
[White "Koneru, Humpy"]
[Black "Ju, Wenjun"]
[Result "1/2-1/2"]
[WhiteTitle "GM"]
[BlackTitle "GM"]
[WhiteElo "2580"]
[BlackElo "2583"]
[WhiteFideId "5008123"]
[BlackFideId "8603006"]
[EventDate "2020.02.07"]

1. c4 e5 2. Nc3 Bb4 3. Nd5 Bc5 4. e3 Nf6 5. d4 Nxd5 6. dxc5 Nf6 7. b4 O-O 8. Bb2
d6 9. cxd6 cxd6 10. Nf3 Be6 11. Be2 Qb6 12. a3 a5 13. O-O Na6 14. Bc3 axb4 15.
axb4 Ne4 16. Be1 Rfc8 17. Rc1 h6 18. Nd2 Nf6 19. Nf3 Ne4 20. Nd2 Nf6 21. Nf3 Ne4
22. Nd2 1/2-1/2

[Event "2nd Cairns Cup 2020"]
[Site "Saint Louis USA"]
[Date "2020.02.10"]
[Round "4.1"]
[White "Muzychuk, Mariya"]
[Black "Dzagnidze, Nana"]
[Result "1/2-1/2"]
[WhiteTitle "GM"]
[BlackTitle "GM"]
[WhiteElo "2552"]
[BlackElo "2515"]
[WhiteFideId "14114550"]
[BlackFideId "13601903"]
[EventDate "2020.02.07"]

1. e4 c5 2. Nf3 Nc6 3. d4 cxd4 4. Nxd4 Nf6 5. Nc3 d6 6. Bg5 e6 7. Qd2 Be7 8.
O-O-O Nxd4 9. Qxd4 O-O 10. f4 h6 11. Bh4 Qa5 12. Be1 e5 13. Qd3 exf4 14. Nd5 Qd8
15. Nxf4 Bd7 16. Be2 Bc6 17. Bf3 Nd7 18. Nd5 Nc5 19. Qd4 Bxd5 20. Qxd5 Rc8 21.
Bc3 Qc7 22. e5 Na4 23. exd6 Nxc3 24. dxc7 Nxd5 25. Rxd5 Rxc7 26. Rhd1 b6 27. c3
a5 28. Rd7 Bg5+ 29. Kc2 Rxd7 30. Rxd7 Rd8 31. Rb7 Rd2+ 32. Kb3 Be3 33. Ka3 g5
34. h3 f5 35. b4 axb4+ 36. cxb4 h5 37. Re7 Rd3+ 38. Ka4 g4 39. hxg4 hxg4 40. Be2
Rc3 41. Re5 Bg1 42. Rxf5 Rc2 43. Re5 Rxa2+ 44. Kb3 Rd2 45. Re4 g3 46. Kc3 Rd7
47. Bc4+ Kf8 48. Rf4+ 1/2-1/2

[Event "2nd Cairns Cup 2020"]
[Site "Saint Louis USA"]
[Date "2020.02.10"]
[Round "4.2"]
[White "Koneru, Humpy"]
[Black "Lagno, Kateryna"]
[Result "1/2-1/2"]
[WhiteTitle "GM"]
[BlackTitle "GM"]
[WhiteElo "2580"]
[BlackElo "2552"]
[WhiteFideId "5008123"]
[BlackFideId "14109336"]
[EventDate "2020.02.07"]

1. d4 Nf6 2. c4 g6 3. Nc3 d5 4. cxd5 Nxd5 5. g3 Bg7 6. Bg2 Nxc3 7. bxc3 c5 8.
Nf3 Nc6 9. O-O cxd4 10. Nxd4 Nxd4 11. cxd4 Qxd4 12. Rb1 O-O 13. Qxd4 Bxd4 14.
Bh6 Rd8 15. Bxb7 Rb8 16. Bxc8 Rdxc8 17. Rxb8 Rxb8 18. Rd1 Bc5 19. Rd7 a5 20. Rc7
Bb4 21. Ra7 f6 22. a3 Bxa3 23. Rxa5 Bb4 24. Ra6 g5 25. h4 gxh4 26. gxh4 Kf7 27.
Kg2 Bd6 28. Ra4 Kg6 29. Bf4 Bxf4 30. Rxf4 h5 1/2-1/2

[Event "2nd Cairns Cup 2020"]
[Site "Saint Louis USA"]
[Date "2020.02.10"]
[Round "4.3"]
[White "Ju, Wenjun"]
[Black "Gunina, Valentina"]
[Result "1-0"]
[WhiteTitle "GM"]
[BlackTitle "GM"]
[WhiteElo "2583"]
[BlackElo "2461"]
[WhiteFideId "8603006"]
[BlackFideId "4167570"]
[EventDate "2020.02.07"]

1. e4 e5 2. Nf3 Nc6 3. Bb5 a6 4. Ba4 Nge7 5. c3 g6 6. d4 exd4 7. cxd4 Bg7 8. d5
Na5 9. O-O b5 10. Bb3 d6 11. Bd2 c5 12. dxc6 Nxb3 13. Qxb3 Nxc6 14. Bc3 Be6 15.
Qd1 Ne5 16. Nbd2 O-O 17. Nd4 Bg4 18. Qb3 Rb8 19. a3 Qb6 20. h3 Bd7 21. N2f3 a5
22. Rfd1 b4 23. axb4 axb4 24. Bd2 Qb7 25. Nxe5 dxe5 26. Nc2 Rfc8 27. Be1 Be6 28.
Qd3 Bc4 29. Qf3 Qb5 30. Rd2 Bh6 31. Ne3 Be6 32. Rdd1 Bg5 33. Nd5 Rc2 34. Qg3 Bf4
35. Nxf4 exf4 36. Qxf4 Rxb2 37. Bd2 h5 38. Qf6 Rxd2 39. Rxd2 Kh7 40. Rad1 Rg8
41. Rd8 Qe2 42. Kh2 Rg7 43. Ra1 Ba2 44. Rc1 Be6 45. Ra1 Ba2 46. Ra8 Be6 47. Rb8
Ba2 48. Rxb4 Qc2 49. Rb2 Qc7+ 50. g3 Be6 51. Ra8 Bc8 52. Rbb8 Rg8 53. e5 Kh6 54.
Qf4+ Kg7 55. e6 Qc5 56. Qxf7+ Kh6 57. Rxc8 Rxc8 58. Rxc8 Qxc8 59. e7 1-0

[Event "2nd Cairns Cup 2020"]
[Site "Saint Louis USA"]
[Date "2020.02.11"]
[Round "5.1"]
[White "Dzagnidze, Nana"]
[Black "Koneru, Humpy"]
[Result "0-1"]
[WhiteTitle "GM"]
[BlackTitle "GM"]
[WhiteElo "2515"]
[BlackElo "2580"]
[WhiteFideId "13601903"]
[BlackFideId "5008123"]
[EventDate "2020.02.07"]

1. d4 Nf6 2. c4 e6 3. Nf3 d5 4. Nc3 Be7 5. Bg5 O-O 6. e3 h6 7. Bh4 b6 8. Be2 Bb7
9. Bxf6 Bxf6 10. cxd5 exd5 11. Qb3 Re8 12. O-O c6 13. Rfe1 Na6 14. e4 Nc7 15. e5
Be7 16. Rad1 Ne6 17. Bf1 Qc7 18. g3 Rad8 19. h4 a6 20. a3 c5 21. dxc5 Nxc5 22.
Qa2 Ne4 23. Ne2 Bc5 24. Ned4 Rxe5 25. Rc1 Qb8 26. Red1 Ree8 27. b4 Bxd4 28. Nxd4
Rc8 29. Qb3 Qe5 30. Qe3 Qf6 31. Re1 Kf8 32. Rxc8 Rxc8 33. Ne2 Re8 34. Rc1 Rc8
35. Rxc8+ Bxc8 36. Bg2 Qc6 37. Bxe4 dxe4 38. Nc3 f5 39. Qd4 Bb7 40. Kf1 Kf7 41.
Ke2 b5 42. Ke3 g5 43. hxg5 hxg5 44. Ne2 Kg6 45. Qd8 Kh5 46. Qd1 Kg6 47. Qd8 Kh5
48. Qd1 Qb6+ 49. Nd4+ Kg6 50. Qd2 Bd5 51. Qc3 Bc4 52. Kd2 f4 53. Ke1 Qf6 54. a4
fxg3 55. fxg3 Qf1+ 56. Kd2 bxa4 57. Nc2 Qd3+ 58. Qxd3 exd3 59. Ne3 Bb5 60. Kc3
Kf6 61. Ng4+ Kf5 62. Nf2 a3 63. Kb3 d2 64. Kxa3 Be2 0-1

[Event "2nd Cairns Cup 2020"]
[Site "Saint Louis USA"]
[Date "2020.02.11"]
[Round "5.2"]
[White "Lagno, Kateryna"]
[Black "Ju, Wenjun"]
[Result "0-1"]
[WhiteTitle "GM"]
[BlackTitle "GM"]
[WhiteElo "2552"]
[BlackElo "2583"]
[WhiteFideId "14109336"]
[BlackFideId "8603006"]
[EventDate "2020.02.07"]

1. e4 c5 2. Nf3 Nc6 3. c3 d5 4. exd5 Qxd5 5. d4 Bg4 6. Be2 cxd4 7. cxd4 e6 8.
Nc3 Bb4 9. O-O Qa5 10. Be3 Bxc3 11. bxc3 Qxc3 12. d5 exd5 13. Qxd5 Nge7 14. Qb5
O-O 15. Qxb7 Rfb8 16. Qa6 Rb2 17. Rac1 Qf6 18. Rfe1 h6 19. a3 Rab8 20. h3 Bc8
21. Qc4 Be6 22. Qc5 Bxh3 23. gxh3 Rxe2 24. Rxe2 Qxf3 25. Rec2 Qxh3 26. Qd6 Rd8
27. Qg3 Qe6 28. Rc5 Nd4 29. Bxd4 Rxd4 30. Re5 Qd7 31. Qf3 Ng6 32. Re3 Rg4+ 33.
Kf1 Qb5+ 34. Ke1 Rg1+ 35. Kd2 Qb2+ 36. Rc2 Qd4+ 37. Rd3 Qa1 38. Re3 Rf1 39. Re8+
Kh7 40. Re4 f6 41. Qf5 Rg1 42. Re3 Rd1+ 43. Ke2 Rd5 0-1

[Event "2nd Cairns Cup 2020"]
[Site "Saint Louis USA"]
[Date "2020.02.11"]
[Round "5.4"]
[White "Gunina, Valentina"]
[Black "Harika, Dronavalli"]
[Result "1-0"]
[WhiteTitle "GM"]
[BlackTitle "GM"]
[WhiteElo "2461"]
[BlackElo "2518"]
[WhiteFideId "4167570"]
[BlackFideId "5015197"]
[EventDate "2020.02.07"]

1. e4 c5 2. Nc3 Nc6 3. g3 g6 4. Bg2 Bg7 5. d3 d6 6. Be3 Rb8 7. Qd2 b5 8. h3 b4
9. Nd1 Bd7 10. f4 e6 11. Nf3 Nge7 12. h4 Nd4 13. h5 Ba4 14. Rc1 Nec6 15. Nxd4
cxd4 16. Bf2 Qa5 17. g4 Bb5 18. h6 Bf6 19. g5 Bd8 20. b3 Rc8 21. O-O O-O 22. Bg3
Qxa2 23. f5 Be7 24. Bh3 exf5 25. exf5 Ra8 26. Nf2 Ne5 27. Ne4 Bxd3 28. Bxe5 Bxe4
29. Bxd4 Qa5 30. Qe3 d5 31. fxg6 hxg6 32. h7+ Kxh7 33. Be6 Bxg5 34. Qxg5 Qd8 35.
Bf6 Qb6+ 36. Rf2 fxe6 37. Qh4+ Kg8 38. Qh8+ 1-0

[Event "2nd Cairns Cup 2020"]
[Site "Saint Louis USA"]
[Date "2020.02.13"]
[Round "6.2"]
[White "Ju, Wenjun"]
[Black "Harika, Dronavalli"]
[Result "1/2-1/2"]
[WhiteTitle "GM"]
[BlackTitle "GM"]
[WhiteElo "2583"]
[BlackElo "2518"]
[WhiteFideId "8603006"]
[BlackFideId "5015197"]
[EventDate "2020.02.07"]

1. d4 Nf6 2. c4 g6 3. g3 Bg7 4. Bg2 O-O 5. Nf3 d6 6. O-O c6 7. Nc3 Bf5 8. b3 Ne4
9. Bb2 Nxc3 10. Bxc3 Be4 11. Nh4 Bxg2 12. Nxg2 d5 13. Qd3 Nd7 14. cxd5 cxd5 15.
Qb5 Nb6 16. Nf4 e6 17. Rac1 Qd7 18. Qa5 Nc8 19. Bb4 b6 20. Qa6 Rd8 21. e3 Ne7
22. Bxe7 Qxe7 23. Nd3 e5 24. dxe5 Bxe5 25. Nxe5 Qxe5 26. Qb7 d4 27. exd4 Qxd4
28. Rc7 Qf6 29. a4 Re8 30. Kg2 a5 31. Rd1 Rab8 32. Qc6 Qxc6+ 33. Rxc6 Re5 34.
Rcd6 b5 35. R1d5 Re4 36. axb5 Rb4 37. b6 R4xb6 38. Rxb6 Rxb6 39. Rxa5 Rxb3 40.
h4 1/2-1/2

[Event "2nd Cairns Cup 2020"]
[Site "Saint Louis USA"]
[Date "2020.02.13"]
[Round "6.3"]
[White "Lagno, Kateryna"]
[Black "Dzagnidze, Nana"]
[Result "1/2-1/2"]
[WhiteTitle "GM"]
[BlackTitle "GM"]
[WhiteElo "2552"]
[BlackElo "2515"]
[WhiteFideId "14109336"]
[BlackFideId "13601903"]
[EventDate "2020.02.07"]

1. e4 c5 2. Nf3 Nc6 3. d4 cxd4 4. Nxd4 e6 5. Nc3 Qc7 6. Be3 a6 7. a3 b5 8. Nxc6
dxc6 9. Qg4 Nf6 10. Qg3 Qxg3 11. hxg3 Be7 12. f3 Bb7 13. g4 Nd7 14. a4 f6 15.
Be2 h6 16. Kf2 Kf7 17. Rhd1 Rhd8 18. Rd2 Ne5 19. Rad1 Rxd2 20. Rxd2 Rd8 21. Rxd8
Bxd8 22. b3 Nd7 23. Na2 Be7 24. Nc1 Nc5 25. Nd3 Nxd3+ 26. Bxd3 e5 27. Bb6 Bc8
28. c4 bxa4 29. bxa4 c5 30. a5 Be6 31. Ke3 1/2-1/2

[Event "2nd Cairns Cup 2020"]
[Site "Saint Louis USA"]
[Date "2020.02.13"]
[Round "6.5"]
[White "Yip, Carissa"]
[Black "Gunina, Valentina"]
[Result "1-0"]
[WhiteTitle "FM"]
[BlackTitle "GM"]
[WhiteElo "2412"]
[BlackElo "2461"]
[WhiteFideId "2090732"]
[BlackFideId "4167570"]
[EventDate "2020.02.07"]

1. e4 Nf6 2. e5 Nd5 3. d4 d6 4. Nf3 dxe5 5. Nxe5 c6 6. Be2 Bf5 7. O-O Nd7 8. c4
Nb4 9. Nd3 e5 10. Re1 Be7 11. Nxb4 Bxb4 12. Bd2 Qa5 13. Nc3 exd4 14. a3 Bxc3 15.
Bg4+ Be6 16. Bxe6 O-O-O 17. bxc3 dxc3 18. Bxc3 Qxc3 19. Rc1 Qxa3 20. Bh3 g6 21.
Ra1 Qc5 22. Qb3 f5 23. Reb1 Nb6 24. Rxa7 Rd7 25. g3 Kb8 26. Ra2 Qxc4 27. Qa3
Rhd8 28. Qa7+ Kc8 29. Raa1 Nd5 30. Qa8+ Kc7 31. Rxb7+ Kd6 32. Rxd7+ Rxd7 33.
Qb8+ Ke7 34. Re1+ Kf6 35. Qe8 Re7 36. Qh8+ Rg7 37. Bxf5 Qc3 38. Qf8+ Kg5 39. h4+
Kh6 40. Re6 Qa1+ 41. Kg2 Qa7 42. Be4 Qd7 43. Qf5 Qd8 44. Rxc6 Ne3+ 45. fxe3 Qd2+
46. Qf2 Rd7 47. Qxd2 Rxd2+ 48. Kf3 Rd1 49. Rc7 Rf1+ 50. Ke2 Rf8 51. g4 Rh8 52.
Rf7 Rg8 53. g5+ Kh5 54. Rf4 1-0

[Event "2nd Cairns Cup 2020"]
[Site "Saint Louis USA"]
[Date "2020.02.14"]
[Round "7.1"]
[White "Dzagnidze, Nana"]
[Black "Ju, Wenjun"]
[Result "1/2-1/2"]
[WhiteTitle "GM"]
[BlackTitle "GM"]
[WhiteElo "2515"]
[BlackElo "2583"]
[WhiteFideId "13601903"]
[BlackFideId "8603006"]
[EventDate "2020.02.07"]

1. d4 Nf6 2. Bg5 d5 3. e3 c5 4. Nd2 cxd4 5. exd4 Qb6 6. Ngf3 Nc6 7. Nb3 Ne4 8.
Be3 g6 9. c4 Qd8 10. cxd5 Qxd5 11. Rc1 Bg7 12. Bc4 Qd6 13. d5 Ne5 14. Bb5+ Bd7
15. Bxd7+ Qxd7 16. Nxe5 Bxe5 17. O-O Bxb2 18. Bd4 Bxd4 19. Qxd4 Nf6 20. Rfd1 b6
21. d6 O-O 22. Qe5 Rfe8 23. h3 Nh5 24. Rc7 exd6 25. Qc3 Qe6 26. Qf3 Qf6 27. Qc6
d5 28. Nd4 Kg7 29. a4 Nf4 30. Qxf6+ Kxf6 31. Nb5 Re7 32. Rc6+ Kg7 33. g3 Nxh3+
34. Kg2 Ng5 35. Rxd5 Ne6 36. Rdd6 Rd8 37. a5 bxa5 38. Rxd8 Nxd8 39. Ra6 Re5 40.
Nd4 Ne6 41. Nb3 Nd8 42. Nxa5 Re7 43. Nc4 h5 44. Ne3 Ne6 45. Ra2 Rd7 46. Ra5 Nd4
47. Ra2 Nb3 48. Ra3 Rb7 49. Ra6 Nc5 50. Ra5 Nd3 51. Ra3 Nb4 52. Nc4 a6 53. Ra4
Rb8 54. Ne3 Kf8 55. Kf3 Rb5 56. Ke4 a5 57. Ra1 Nc6 58. Kd3 Rc5 59. f4 Ke7 60.
Nc4 g5 61. Ne3 gxf4 62. gxf4 Kf6 63. Rb1 Nb4+ 64. Ke4 h4 65. Rd1 Rh5 66. Rd6+
Ke7 67. Rd2 h3 68. Nf5+ Rxf5 69. Kxf5 a4 70. Re2+ Kd6 71. Rd2+ Ke7 72. Re2+ Kd7
73. Rd2+ Ke7 74. Re2+ 1/2-1/2

[Event "2nd Cairns Cup 2020"]
[Site "Saint Louis USA"]
[Date "2020.02.14"]
[Round "7.4"]
[White "Gunina, Valentina"]
[Black "Muzychuk, Mariya"]
[Result "0-1"]
[WhiteTitle "GM"]
[BlackTitle "GM"]
[WhiteElo "2461"]
[BlackElo "2552"]
[WhiteFideId "4167570"]
[BlackFideId "14114550"]
[EventDate "2020.02.07"]

1. e4 c5 2. Nf3 Nc6 3. Bb5 e6 4. Bxc6 bxc6 5. b3 Ne7 6. Bb2 d6 7. O-O e5 8. Nh4
g5 9. Nf3 Ng6 10. Ne1 Bg7 11. d3 O-O 12. Nd2 f5 13. exf5 Bxf5 14. Ne4 Nf4 15. g3
Ne6 16. Ng2 d5 17. Nd2 Qd6 18. Qh5 Bg6 19. Qe2 Rae8 20. Rae1 Nd4 21. Bxd4 cxd4
22. h4 h6 23. hxg5 hxg5 24. Qg4 Qf6 25. f4 gxf4 26. gxf4 e4 27. Nh4 Bh7 28. dxe4
Bxe4 29. Nxe4 Rxe4 30. Ng6 Rfe8 31. Rxe4 Rxe4 32. Rf2 Qe6 33. Qxe6+ Rxe6 34. f5
Re1+ 35. Kg2 Kf7 36. Nf4 Re4 37. Ne6 Kf6 38. a3 Bh6 39. b4 Be3 40. Rf3 Rg4+ 41.
Kh3 Rg1 42. Nc5 Rh1+ 43. Kg4 Rh7 44. Kg3 Rg7+ 45. Kh2 Rh7+ 46. Kg2 Rg7+ 47. Rg3
Rxg3+ 48. Kxg3 Kxf5 49. Kf3 Bc1 50. a4 Bd2 51. Nb3 Bc3 52. b5 cxb5 53. axb5 d3
54. cxd3 Ke5 55. Ke2 Kd6 56. Kf3 Be5 57. Kg4 Kc7 58. Nc5 Ba1 59. Na4 Bd4 60. Kf5
Kd6 61. Kf4 Ke6 62. Kf3 Ke5 63. Kg3 Bb6 64. Kf3 Kd4 65. Ke2 Ba5 66. Nb2 Kc5 67.
Ke3 Kxb5 68. Kd4 Kc6 69. Na4 Bb4 70. Nb2 a5 71. Ke3 Bc3 72. Na4 d4+ 73. Ke2 Ba1 0-1

[Event "2nd Cairns Cup 2020"]
[Site "Saint Louis USA"]
[Date "2020.02.14"]
[Round "7.5"]
[White "Harika, Dronavalli"]
[Black "Yip, Carissa"]
[Result "1/2-1/2"]
[WhiteTitle "GM"]
[BlackTitle "FM"]
[WhiteElo "2518"]
[BlackElo "2412"]
[WhiteFideId "5015197"]
[BlackFideId "2090732"]
[EventDate "2020.02.07"]

1. d4 Nf6 2. c4 g6 3. g3 Bg7 4. Bg2 O-O 5. Nc3 d6 6. Nf3 Bf5 7. Nh4 Bc8 8. O-O
c6 9. Nf3 Bf5 10. Ng5 e5 11. e4 Bg4 12. f3 Bd7 13. Nh3 exd4 14. Qxd4 Nd5 15. Qd3
Nxc3 16. bxc3 Qf6 17. Rb1 Qxc3 18. Qxc3 Bxc3 19. Rxb7 Bd4+ 20. Kh1 Be6 21. Bf4
Rd8 22. Rc1 Bc8 23. Rb3 Na6 24. Rd1 c5 25. Bg5 f6 26. Be3 Bxe3 27. Rxe3 Be6 28.
Rc3 Nb4 29. Rd2 Rab8 30. Nf4 Kf7 31. Nxe6 Kxe6 32. f4 Nc6 33. h4 Rb1+ 34. Kh2
Nd4 35. Ra3 Rd7 36. Bh3+ f5 37. Bg2 Re1 38. exf5+ gxf5 39. Bd5+ Kf6 40. Kg2 Rb1
41. Ra6 Ke7 42. Kf2 Kd8 43. Kg2 Kc8 1/2-1/2